[Event "Pan American-ch Seniors 50"]
[Site "Lima"]
[Date "2023.05.01"]
[Round "9"]
[White "Riquelme, Andres"]
[Black "Condori Aranya, Edwin"]
[Result "0-1"]
[WhiteElo "1657"]
[BlackElo "2093"]
[PlyCount "60"]
[EventDate "2023.04.26"]
[EventType "swiss"]
[EventRounds "9"]
[EventCountry "PER"]
[SourceTitle "CBM 214 Extra"]
[Source "ChessBase"]
[SourceDate "2023.07.31"]
[SourceVersion "1"]
[SourceVersionDate "2023.07.31"]
[SourceQuality "1"]

1. e4 c6 2. c4 d5 3. cxd5 cxd5 4. Bb5+ Bd7 5. Qa4 dxe4 6. Bxd7+ Nxd7 7. Ne2 e6 8. 0-0 a6 9. Nbc3 b5 10. Qxe4 Ngf6 11. Qc6 Be7 12. d4 0-0 13. a3 Qb6 14. Qf3 Rac8 15. Be3 Qc6 16. Qxc6 Rxc6 17. Rfd1 Nb6 18. h3 Nc4 19. Rab1 Rd8 20. Nc1 Nxb2 21. Rxb2 Rxc3 22. Rb3 Rdc8 23. Rd3 Rxc1+ 24. Bxc1 Rxc1+ 25. Kh2 Nd5 26. g3 g5 27. Kg2 Rc4 28. Kf3 Bd8 29. Ke4 f5+ 30. Kf3 Bf6 0-1

[Event "Pan American-ch Seniors 50"]
[Site "Lima"]
[Date "2023.04.28"]
[Round "4"]
[White "Condori Aranya, Edwin"]
[Black "Serrato, Rafael Antonio"]
[Result "1-0"]
[WhiteElo "2093"]
[BlackElo "1709"]
[PlyCount "141"]
[EventDate "2023.04.26"]
[EventType "swiss"]
[EventRounds "9"]
[EventCountry "PER"]
[SourceTitle "CBM 214 Extra"]
[Source "ChessBase"]
[SourceDate "2023.07.31"]
[SourceVersion "1"]
[SourceVersionDate "2023.07.31"]
[SourceQuality "1"]

1. Nf3 d5 2. d4 e6 3. c4 c6 4. Qc2 Nf6 5. g3 Be7 6. Bg2 Nbd7 7. 0-0 b6 8. Nbd2 Bb7 9. e4 dxe4 10. Nxe4 Nxe4 11. Qxe4 Nf6 12. Qc2 0-0 13. Rd1 Qc8 14. c5 Nd5 15. Bg5 f6 16. Bd2 bxc5 17. Bh3 Re8 18. Re1 f5 19. dxc5 Bf6 20. Ne5 Ba6 21. a3 Qc7 22. f4 Rad8 23. Bf1 Bxf1 24. Kxf1 Bxe5 25. fxe5 Rd7 26. Rad1 h6 27. Qa4 Qb7 28. b4 Red8 29. Kg1 a6 30. Qc2 a5 31. bxa5 Qa6 32. Rb1 Nc7 33. Bb4 Nb5 34. Qe2 Qc8 35. Qh5 Nd4 36. Rf1 Qa6 37. Rb2 Qd3 38. Rbf2 Qe3 39. Re1 Qd3 40. Ref1 Nc2 41. Qg6 Re7 42. Rc1 Ne3 43. Rd2 Qxd2 44. Bxd2 Rxd2 45. Rb1 Rd8 46. a6 Ng4 47. a7 Rxa7 48. Qxe6+ Kh8 49. Qxf5 Ne3 50. Qe4 Rxa3 51. Re1 Nd5 52. e6 Nf6 53. e7 Rc8 54. Qe6 Rca8 55. h3 Kh7 56. g4 Ne8 57. Qf5+ g6 58. Qf7+ Ng7 59. Rf1 Rb8 60. Rf6 Ra1+ 61. Rf1 Ra3 62. Kg2 Rb2+ 63. Rf2 Rb8 64. Qf8 Raa8 65. Qf6 Rc8 66. Rd2 Ne8 67. Qe6 Ng7 68. Qf6 Ne8 69. Qf7+ Ng7 70. Rd6 Ra2+ 71. Qxa2 1-0

[Event "Guayaquil zt 2.4"]
[Site "Guayaquil"]
[Date "2019.04.10"]
[Round "3"]
[White "Aspiazu Sibri, Marlon Steven"]
[Black "Condori Aranya, Edwin"]
[Result "1/2-1/2"]
[WhiteElo "1835"]
[BlackElo "2124"]
[PlyCount "129"]
[EventDate "2019.04.09"]
[EventType "swiss"]
[EventRounds "9"]
[EventCountry "ECU"]
[SourceTitle "CBM 189 Extra"]
[Source "ChessBase"]
[SourceDate "2019.06.03"]
[SourceVersion "1"]
[SourceVersionDate "2019.06.03"]
[SourceQuality "1"]

1. c4 c5 2. g3 Nc6 3. Bg2 g6 4. Nc3 Bg7 5. d3 d6 6. e3 Nh6 7. Nge2 Nf5 8. a3 Qd7 9. Rb1 Rb8 10. b4 b6 11. b5 Na5 12. Bb2 0-0 13. Qc2 Bb7 14. e4 Nd4 15. Nxd4 cxd4 16. Ne2 e5 17. 0-0 f5 18. f3 Qe7 19. Bc1 fxe4 20. fxe4 Rxf1+ 21. Bxf1 Bc8 22. Bd2 Nb7 23. Bg2 Bg4 24. Re1 Nc5 25. Nc1 Bf6 26. Nb3 Bg5 27. Nxc5 dxc5 28. Qc1 Bxd2 29. Qxd2 Ra8 30. a4 a6 31. Bf1 axb5 32. axb5 Kg7 33. Be2 Be6 34. Qb2 Qg5 35. Qc1 Qe7 36. Qb2 Qa7 37. Qd2 h6 38. Rc1 Qa3 39. Rb1 Qa2 40. Qxa2 Rxa2 41. Kf1 Bh3+ 42. Ke1 h5 43. Rd1 Kh6 44. Rd2 Ra1+ 45. Rd1 Ra7 46. Kf2 Ra2 47. Ke1 g5 48. Rd2 Ra1+ 49. Rd1 Ra7 50. Kf2 Ra2 51. Ke1 h4 52. Rd2 Ra1+ 53. Rd1 Ra2 54. Rd2 Ra7 55. Kf2 hxg3+ 56. hxg3 Be6 57. Kg2 Ra1 58. Kf2 Kg6 59. Kg2 Kh6 60. Kf2 Bf7 61. Kg2 Bh5 62. g4 Bf7 63. Rc2 Be6 64. Rd2 Kg7 65. Kh2 1/2-1/2

[Event "PER-ch"]
[Site "Lima"]
[Date "2017.03.02"]
[Round "3"]
[White "Bernales, Oscar"]
[Black "Condori Aranya, Edwin"]
[Result "0-1"]
[WhiteElo "1780"]
[BlackElo "2183"]
[PlyCount "56"]
[EventDate "2017.03.01"]
[EventType "swiss"]
[EventRounds "9"]
[EventCountry "PER"]
[SourceTitle "CBM 177 Extra"]
[Source "ChessBase"]
[SourceDate "2017.04.27"]
[SourceVersion "1"]
[SourceVersionDate "2017.04.27"]
[SourceQuality "1"]

1. c4 c5 2. Nc3 Nc6 3. Nf3 g6 4. g3 Bg7 5. Bg2 Nh6 6. e4 d6 7. 0-0 Ng4 8. d3 0-0 9. h3 Nge5 10. Be3 Nxf3+ 11. Qxf3 a6 12. Qd1 Rb8 13. Qd2 b5 14. Bh6 Bxh6 15. Qxh6 bxc4 16. dxc4 Rxb2 17. f4 Qa5 18. Rac1 Qb4 19. e5 Qxc4 20. Rfd1 Nd4 21. Bd5 Ne2+ 22. Kh1 Nxg3+ 23. Kg1 Ne2+ 24. Kh1 Bb7 25. Ne4 Ng3+ 26. Kg1 Qxe4 27. Bxe4 Bxe4 28. f5 Rg2# 0-1

[Event "Montevideo Duchamp Cup 1st"]
[Site "Montevideo"]
[Date "2017.02.10"]
[Round "2"]
[White "Beloso, Fabrizio"]
[Black "Condori Aranya, Edwin"]
[Result "0-1"]
[WhiteElo "1897"]
[BlackElo "2170"]
[PlyCount "42"]
[EventDate "2017.02.09"]
[EventType "swiss"]
[EventRounds "9"]
[EventCountry "URU"]
[SourceTitle "CBM 176 Extra"]
[Source "ChessBase"]
[SourceDate "2017.03.02"]
[SourceVersion "1"]
[SourceVersionDate "2017.03.02"]
[SourceQuality "1"]

1. e4 c6 2. Nc3 d5 3. Nf3 Bg4 4. h3 Bxf3 5. Qxf3 Nf6 6. d3 e6 7. Be2 Bb4 8. Bg5 d4 9. a3 Qa5 10. 0-0 Qxg5 11. axb4 dxc3 12. bxc3 0-0 13. Rfd1 Qe5 14. Ra5 Qxc3 15. Rg5 h6 16. Rg3 Nbd7 17. Qf4 Qe5 18. Qe3 Kh8 19. f4 Qc3 20. Rf3 c5 21. g4 Qd4 0-1

[Event "Antofagasta Zicosur op 3rd"]
[Site "Antofagasta"]
[Date "2017.01.14"]
[Round "8"]
[White "Cuenca Jimenez, Jose Fernando"]
[Black "Condori Aranya, Edwin"]
[Result "1-0"]
[WhiteElo "2492"]
[BlackElo "2122"]
[PlyCount "45"]
[EventDate "2017.01.10"]
[EventType "swiss"]
[EventRounds "9"]
[EventCountry "CHI"]
[SourceTitle "CBM 176 Extra"]
[Source "ChessBase"]
[SourceDate "2017.03.02"]
[SourceVersion "1"]
[SourceVersionDate "2017.03.02"]
[SourceQuality "1"]

1. Nf3 Nf6 2. c4 g6 3. g3 Bg7 4. Bg2 0-0 5. 0-0 d6 6. d4 Nbd7 7. Nc3 e5 8. e4 exd4 9. Nxd4 Nc5 10. h3 a5 11. Re1 Re8 12. b3 Nfd7 13. Be3 Ne5 14. Re2 Bd7 15. Rd2 Qc8 16. Kh2 a4 17. Rb1 axb3 18. axb3 h5 19. f4 Nc6 20. Ndb5 Na6 21. c5 dxc5 22. Rxd7 Nd4 23. Rd5 1-0

[Event "PER-ch"]
[Site "Lima"]
[Date "2016.02.12"]
[Round "5"]
[White "Condori Aranya, Edwin"]
[Black "Principe, Gerson"]
[Result "1/2-1/2"]
[WhiteElo "2120"]
[BlackElo "2270"]
[PlyCount "66"]
[EventDate "2016.02.10"]
[EventType "swiss"]
[EventRounds "9"]
[EventCountry "PER"]
[SourceTitle "CBM 171 Extra"]
[Source "ChessBase"]
[SourceDate "2016.04.26"]
[SourceVersion "1"]
[SourceVersionDate "2016.04.26"]
[SourceQuality "1"]

1. Nf3 Nf6 2. c4 e6 3. g3 b6 4. Bg2 Bb7 5. 0-0 Be7 6. Nc3 0-0 7. Re1 Bb4 8. Qc2 c5 9. a3 Bxc3 10. Qxc3 d5 11. d4 cxd4 12. Qxd4 Nc6 13. Qh4 dxc4 14. Ne5 Nxe5 15. Bxb7 Rb8 16. Bg2 Rc8 17. Bg5 Ng6 18. Qh3 h6 19. Red1 hxg5 20. Rxd8 Rcxd8 21. Bf1 Rd2 22. Rb1 Rc8 23. Qg2 Nd5 24. Qe4 c3 25. bxc3 Rxc3 26. Qa4 Rc7 27. Qd1 Rd7 28. Qc1 f6 29. Bh3 Nf8 30. Qc6 g4 31. Bxg4 f5 32. Bf3 Nf6 33. h4 Kf7 1/2-1/2

[Event "Arica op 2nd"]
[Site "Arica"]
[Date "2015.01.18"]
[Round "7"]
[White "Abarca Gonzalez, Nicolas"]
[Black "Condori Aranya, Edwin"]
[Result "1-0"]
[WhiteElo "2365"]
[BlackElo "2157"]
[PlyCount "37"]
[EventDate "2015.01.13"]
[EventType "swiss"]
[EventRounds "9"]
[EventCountry "CHI"]
[SourceTitle "EXT 2016"]
[Source "ChessBase"]
[SourceDate "2015.10.08"]
[SourceVersion "1"]
[SourceVersionDate "2015.10.08"]
[SourceQuality "1"]

1. e4 c6 2. d4 d5 3. e5 Bf5 4. g4 Bd7 5. Nc3 h5 6. g5 Bf5 7. Bd3 Qc8 8. g6 fxg6 9. Nf3 e6 10. Nh4 Ne7 11. Rg1 Kd7 12. Bg5 c5 13. Bxe7 Bxe7 14. Nxf5 gxf5 15. Nxd5 Qf8 16. Bb5+ Nc6 17. Nf4 g5 18. d5 gxf4 19. dxc6+ 1-0

[Event "Medellin Navideno op"]
[Site "Medellin"]
[Date "2013.12.21"]
[Round "7"]
[White "Condori Aranya, Edwin"]
[Black "Soto, Christian Camilo"]
[Result "0-1"]
[WhiteElo "2157"]
[BlackElo "2102"]
[PlyCount "22"]
[EventDate "2013.12.18"]
[EventType "swiss"]
[EventRounds "9"]
[EventCountry "COL"]
[SourceTitle "CBM 158 Extra"]
[Source "ChessBase"]
[SourceDate "2014.02.28"]
[SourceVersion "1"]
[SourceVersionDate "2014.02.28"]
[SourceQuality "1"]

1. Nf3 Nf6 2. c4 c5 3. Nc3 Nc6 4. d4 cxd4 5. Nxd4 g6 6. e4 d6 7. Be2 Bg7 8. Be3 0-0 9. Qd2 Qa5 10. 0-0 Nxd4 11. Bd1 Ne6 0-1

[Event "Dosquebrad op 1st"]
[Site "Dosquebrad"]
[Date "2013.12.11"]
[Round "1"]
[White "Garces Trujillo, Luis Javier"]
[Black "Condori Aranya, Edwin"]
[Result "1-0"]
[WhiteElo "1991"]
[BlackElo "2157"]
[PlyCount "67"]
[EventDate "2013.12.11"]
[EventType "swiss"]
[EventRounds "9"]
[EventCountry "COL"]
[SourceTitle "CBM 158 Extra"]
[Source "ChessBase"]
[SourceDate "2014.02.28"]
[SourceVersion "1"]
[SourceVersionDate "2014.02.28"]
[SourceQuality "1"]

1. d4 Nf6 2. c4 e6 3. Nc3 Bb4 4. e3 c5 5. Bd3 0-0 6. Nf3 d5 7. a3 cxd4 8. exd4 Bxc3+ 9. bxc3 dxc4 10. Bxc4 Qc7 11. Qd3 b6 12. 0-0 Bb7 13. Ne5 Nbd7 14. Bf4 Nxe5 15. Bxe5 Qc6 16. Qg3 Nh5 17. Qh3 Qxc4 18. Qxh5 f6 19. Bg3 Qxc3 20. Rac1 Qxd4 21. Rfd1 Qe4 22. f3 Qe3+ 23. Bf2 Qg5 24. Qxg5 fxg5 25. Rd7 Bc8 26. Re7 Rf7 27. Re8+ Rf8 28. Re7 Rf7 29. Re8+ Rf8 30. Re7 Rd8 31. Rcc7 Rd1+ 32. Be1 Rxe1+ 33. Kf2 Rd1 34. Re8# 1-0